| 000 | 00690nam a2200205 a 4500 | ||
|---|---|---|---|
| 001 | 000005394 | ||
| 005 | 20200929151650.0 | ||
| 008 | 090819s1997 sp 000 0 spa d | ||
| 020 | _a8400076621 | ||
| 040 |
_aDO-SdBNP _bspa _cBNPHU |
||
| 082 |
_axxxx _bN937m |
||
| 245 | 0 | 3 |
_aLa novela mundial / _cintroducción Alberto Sánchez Álvarez-Insúa ; catalogación María del Carmen santamaría Barceló. |
| 260 |
_aMadrid, España : _bCSIC, _c1997. |
||
| 300 |
_a123 p. ; _c22 cm. |
||
| 490 | 1 |
_aLiteratura Breve ; _v2 |
|
| 500 | _aIncluye índices | ||
| 504 | _aIncluye referencias bibliográficas y notas al pie de las páginas | ||
| 830 | 0 |
_aLiteratura breve ; _n2 _915304 |
|
| 049 | _aBNPD | ||
| 999 |
_c5194 _d5194 |
||